01050nmc a2200349 a 4500003000900000005001700009008004100026020001800067040001300085100002000098245005600118260005800174300001100232490004400243600001900287600001700306600001900323600003100342600002500373600002900398650002900427650002600456650001200482650001600494650003500510650002200545650001400567653002500581653002700606700003700633800003000670AR-BaBNM20251128204208.0175019s1991 ||||||||||||||000 | spa|| a950-25-1591-9 cAR-BaBNM1 aGvirtz, Silvina10aNuevas y viejas tendencias en la docencia 1945-1955 aBuenos AiresbCentro Editor de América Latinac19910 a109 p. 0aBiblioteca política Argentinavv. 32214aComte, Auguste14aPiaget, Jean14aBleger, José14aNassif, Ricardod1924-198414aZuretti, Juan Carlos14aCirigliano, Gustavo F.J. 4aHISTORIA DE LA EDUCACION 4aFORMACION DE DOCENTES 4aTITULOS 4aPOSITIVISMO 4aPLAN DE ESTUDIOS DE SECUNDARIA 4aESCUELAS NORMALES 4aCURRICULO 0aEDUCACION SECUNDARIA 0aESTRATEGIAS EDUCATIVAS1 aBraslavsky, Ceciliaeprologuista1 aTroncoso, Oscaredirector